| 000 | 00773cam a2200265 i 4500 | ||
|---|---|---|---|
| 001 | 200448938 | ||
| 999 |
_c200448938 _d67150 |
||
| 003 | TR-AnTOB | ||
| 005 | 20241121110816.0 | ||
| 007 | ta | ||
| 008 | 081019s1994 tu a 000 0 tur d | ||
| 040 |
_aTR-AnTOB _beng _erda _cTR-AnTOB |
||
| 041 | 0 | _atur | |
| 050 | 0 | 0 |
_aHE873.4 _b.D46 1994 |
| 090 | 0 | 0 |
_aTOBBK HE873.4 _b.D46 1994 |
| 245 | 0 | 0 |
_aDeniz sektörü raporu 1993 / _cDeniz Ticaret Odası. |
| 264 | 1 |
_aİstanbul : _bDeniz Ticaret Odasi, _c1994. |
|
| 300 |
_aXXI, 314 pages : _billustrations ; _c28 cm. |
||
| 336 |
_btxt _2rdacontent _atext |
||
| 337 |
_bn _2rdamedia _aunmediated |
||
| 338 |
_bnc _2rdacarrier _avolume |
||
| 650 | 0 |
_aDeniz ticareti _zTürkiye _9121018 |
|
| 942 |
_2z _cBK |
||